MARC

LEADER 00000nam0a2200000 4500
001 130830
005 20231031134046.0
035 |a (RuTPU)RU\TPU\book\141699 
090 |a 130830 
100 |a 20080208d1965 m y0rusy50 ca 
101 0 |a rus 
102 |a RU 
105 |a a z 000zy 
200 1 |a Испытание и наладка высоковольтного оборудования  |h Вып.1: Технические программы пуско-наладочных испытаний  |f Государственный трест по организации и рационализации районных электрических станций (ОРГРЭС) 
210 |a Москва  |c Энергия  |d 1965  |a Ленинград 
215 |a 63 с.  |c ил. 
610 1 |a испытание 
610 1 |a наладка 
610 1 |a высоковольтное оборудование 
610 1 |a технические программы 
610 1 |a электрооборудование 
675 |a 621.3.0027  |v 3 
712 0 2 |a Всесоюзный государственный трест по организации и рационализации районных электрических станций и сетей (ОРГРЭС)  |c (Москва)  |c (1939-1977)  |2 stltpush  |3 (RuTPU)RU\TPU\col\8705 
801 1 |a RU  |b 63413507  |c 20080208  |g PSBO 
801 2 |a RU  |b 63413507  |c 20101028  |g PSBO 
942 |c BK